[Event "Bucharest-ch"]
[Site "Bucharest"]
[Date "2022.05.19"]
[Round "1"]
[White "Cnejev, Vladimir Alexandru"]
[Black "Lazarean, Colea Valentin"]
[Result "1-0"]
[WhiteElo "2187"]
[BlackElo "1629"]
[PlyCount "77"]
[EventDate "2022.05.19"]
[EventType "swiss"]
[EventRounds "7"]
[EventCountry "ROU"]
[SourceTitle "EXT 2023"]
[Source "ChessBase"]
[SourceDate "2022.10.05"]
[SourceVersion "1"]
[SourceVersionDate "2022.10.05"]
[SourceQuality "1"]

1. e4 c5 2. Nf3 d6 3. Bb5+ Bd7 4. Bxd7+ Qxd7 5. 0-0 Nc6 6. Re1 e5 7. c3 Nf6 8. d4 cxd4 9. cxd4 exd4 10. Nxd4 Nxd4 11. Qxd4 Be7 12. e5 dxe5 13. Qxe5 Rd8 14. Bg5 0-0 15. Nc3 Bd6 16. Qe2 Qf5 17. Ne4 h6 18. Nxf6+ gxf6 19. Bxh6 Rfe8 20. Be3 Bc5 21. Qb5 b6 22. Bxc5 Re5 23. Qa4 bxc5 24. Qxa7 Rd2 25. Qb8+ Kg7 26. Rf1 Ree2 27. a4 Rxb2 28. Qg3+ Qg5 29. Qa3 Qd5 30. a5 Ra2 31. Qg3+ Kh6 32. a6 Rxa1 33. Rxa1 Ra2 34. Qc3 Rxa1+ 35. Qxa1 Kg6 36. a7 Qa8 37. Qb1+ Kg7 38. Qb8 Qe4 39. h3 1-0